[Event "BL 1112 Schachfr. Berlin - Hansa Dortmu"]
[Site "?"]
[Date "2012.04.15"]
[Round "15.2"]
[White "Michalik, Peter"]
[Black "Steingrimsson, Hedinn"]
[Result "0-1"]
[WhiteElo "2511"]
[BlackElo "2562"]
[PlyCount "72"]
[EventDate "2012.??.??"]

1. d4 d5 2. c4 e6 3. Nf3 Nf6 4. g3 Bb4+ 5. Bd2 Be7 6. Bg2 c6 7. Qc2 Nbd7 8. O-O
O-O 9. Rd1 b6 10. Bf4 Ba6 11. Nbd2 Nh5 12. Be5 Rc8 13. Rac1 f6 14. Bf4 Nxf4 15.
gxf4 Bd6 16. e3 Bb7 17. f5 Qe7 18. fxe6 Qxe6 19. cxd5 cxd5 20. Qb3 Rce8 21. Nf1
Kh8 22. Ng3 Re7 23. Ne1 f5 24. Nd3 g5 25. Re1 h5 26. f4 h4 27. Nh1 Rg8 28. Ne5
h3 29. Bxh3 gxf4+ 30. Kf2 fxe3+ 31. Qxe3 Nxe5 32. dxe5 Bc5 33. Rxc5 bxc5 34.
Qxc5 Rh7 35. Qe3 d4 36. Qd3 Qh6 0-1

[Event "BL 1112 Schachfr. Berlin - Hansa Dortmu"]
[Site "?"]
[Date "2012.04.15"]
[Round "15.3"]
[White "Schmittdiel, Eckhard"]
[Black "Lauber, Arnd"]
[Result "1/2-1/2"]
[WhiteElo "2466"]
[BlackElo "2464"]
[PlyCount "87"]
[EventDate "2012.??.??"]

1. e4 c6 2. d4 d5 3. Nd2 dxe4 4. Nxe4 Bf5 5. Ng3 Bg6 6. h4 h6 7. Nf3 e6 8. Ne5
Bh7 9. Bd3 Bxd3 10. Qxd3 Nd7 11. f4 Bb4+ 12. c3 Be7 13. Bd2 Ngf6 14. O-O-O O-O
15. Qf3 Qc7 16. c4 a5 17. Rhe1 Bb4 18. f5 Rfe8 19. a3 Bxd2+ 20. Rxd2 Rad8 21.
Rde2 Nf8 22. Ne4 Nxe4 23. Rxe4 exf5 24. Qxf5 f6 25. Ng6 Rxe4 26. Rxe4 Nxg6 27.
Qxg6 Qf7 28. Qxf7+ Kxf7 29. h5 f5 30. Rf4 Kf6 31. g4 Kg5 32. Rxf5+ Kxg4 33.
Rxa5 Rxd4 34. b3 Rd3 35. Kc2 Rh3 36. Ra7 Rxh5 37. Rxb7 Rg5 38. a4 h5 39. a5
Rxa5 40. Rxg7+ Rg5 41. Rxg5+ Kxg5 42. b4 h4 43. b5 cxb5 44. cxb5 1/2-1/2

[Event "BL 1112 Schachfr. Berlin - Hansa Dortmu"]
[Site "?"]
[Date "2012.04.15"]
[Round "15.4"]
[White "Schneider, Ilja"]
[Black "Klyuner, Vyacheslav"]
[Result "1/2-1/2"]
[WhiteElo "2472"]
[BlackElo "2428"]
[PlyCount "56"]
[EventDate "2012.??.??"]

1. d4 Nf6 2. c4 e6 3. g3 Bb4+ 4. Bd2 Qe7 5. Bg2 Bxd2+ 6. Qxd2 d6 7. e4 e5 8. d5
Nbd7 9. Nc3 a5 10. Nge2 Nc5 11. O-O O-O 12. Rae1 Bd7 13. Nc1 Rfb8 14. Nd3 Nxd3
15. Qxd3 Be8 16. Qc2 b5 17. cxb5 Bxb5 18. Nxb5 Rxb5 19. Rc1 Rc5 20. Qd2 Nd7 21.
b4 axb4 22. Qxb4 Rxa2 23. Rxc5 dxc5 24. Qb7 Qd6 25. Bh3 Nf8 26. Qb3 Rd2 27. Rc1
Rd4 28. Qc2 g6 1/2-1/2

[Event "BL 1112 Schachfr. Berlin - Hansa Dortmu"]
[Site "?"]
[Date "2012.04.15"]
[Round "15.5"]
[White "Wegener, Olaf"]
[Black "Polzin, Rainer"]
[Result "1/2-1/2"]
[WhiteElo "2423"]
[BlackElo "2469"]
[PlyCount "105"]
[EventDate "2012.??.??"]

1. e4 c5 2. Nf3 d6 3. d4 cxd4 4. Nxd4 Nf6 5. Nc3 g6 6. Be3 Bg7 7. f3 O-O 8. Qd2
Nc6 9. g4 Be6 10. Nxe6 fxe6 11. O-O-O Ne5 12. Be2 Qc8 13. Bh6 Bxh6 14. Qxh6 Qc5
15. h4 Rac8 16. h5 Nf7 17. Qd2 g5 18. Kb1 a6 19. h6 Qe5 20. Rdf1 b5 21. Bd3 b4
22. Na4 a5 23. Nb6 Rc5 24. f4 gxf4 25. Rxf4 Qg5 26. Qf2 Rc6 27. Nc4 a4 28. Rf1
a3 29. Qa7 Rxc4 30. Qxe7 Rcc8 31. Qxe6 Rce8 32. Qxf6 Qxf6 33. Rxf6 Ne5 34. bxa3
bxa3 35. Rxf8+ Rxf8 36. Rxf8+ Kxf8 37. Be2 Kf7 38. c3 Kg6 39. Kc2 Kxh6 40. Kb3
Kg5 41. Kxa3 Nxg4 42. Bxg4 Kxg4 43. Kb4 h5 44. a4 h4 45. a5 h3 46. a6 h2 47. a7
h1=Q 48. a8=Q Qb1+ 49. Kc4 Qf1+ 50. Kd5 Qd3+ 51. Ke6 Qxc3 52. Kxd6 Kf4 53. Qd5
1/2-1/2

[Event "BL 1112 Schachfr. Berlin - Hansa Dortmu"]
[Site "?"]
[Date "2012.04.15"]
[Round "15.6"]
[White "Thiede, Lars"]
[Black "Ackermann, Hans Werner"]
[Result "1/2-1/2"]
[WhiteElo "2458"]
[BlackElo "2296"]
[PlyCount "73"]
[EventDate "2012.??.??"]

1. c4 c5 2. g3 Nc6 3. Bg2 g6 4. Nc3 Bg7 5. Nf3 Nf6 6. d4 cxd4 7. Nxd4 O-O 8.
O-O Qa5 9. Nb3 Qd8 10. c5 b6 11. cxb6 axb6 12. e4 Ba6 13. Re1 d6 14. f4 e5 15.
Be3 Rb8 16. a3 h5 17. Bf3 Na5 18. Nxa5 bxa5 19. fxe5 dxe5 20. b4 Qc8 21. Rc1
axb4 22. Nd5 Qd8 23. Bg5 Bb7 24. Nxb4 Qb6+ 25. Be3 Qa5 26. Bc5 Rfe8 27. Qd3
Rbc8 28. Bf2 Ra8 29. Rc3 Bf8 30. Rec1 Bh6 31. R1c2 Rad8 32. Qe2 Qa8 33. Rc4
Qxa3 34. Ra2 Qb3 35. Rb2 Qa3 36. Ra2 Qb3 37. Rb2 1/2-1/2

[Event "BL 1112 Schachfr. Berlin - Hansa Dortmu"]
[Site "?"]
[Date "2012.04.15"]
[Round "15.7"]
[White "Zelbel, Patrick"]
[Black "Agopov, Mikail"]
[Result "1/2-1/2"]
[WhiteElo "2408"]
[BlackElo "2445"]
[PlyCount "99"]
[EventDate "2012.??.??"]

1. e4 c5 2. c3 Nf6 3. e5 Nd5 4. Nf3 Nc6 5. d4 cxd4 6. cxd4 d6 7. Bc4 Nb6 8. Bb5
dxe5 9. Nxe5 Bd7 10. Nxd7 Qxd7 11. Nc3 e6 12. O-O a6 13. Bxc6 Qxc6 14. Qg4 Rd8
15. Bg5 h5 16. Qg3 Bd6 17. Qd3 Rd7 18. Rac1 O-O 19. Qh3 Bb8 20. Rfd1 f6 21. Be3
g6 22. Na4 Bxh2+ 23. Kh1 Qxa4 24. Qxe6+ Rff7 25. Kxh2 Qb4 26. d5 Nc4 27. Qe4
Qd6+ 28. Kg1 Ne5 29. Rc8+ Rd8 30. Rxd8+ Qxd8 31. Bd4 Kg7 32. Bxe5 fxe5 33.
Qxe5+ Qf6 34. f4 Re7 35. Qxf6+ Kxf6 36. Kf2 Rf7 37. Re1 Rc7 38. Ke3 Rc4 39. g3
b5 40. Kd3 Rc5 41. Re6+ Kf7 42. Kd4 Rc2 43. Rxa6 Rxb2 44. Kc5 b4 45. Kd6 b3 46.
axb3 Rxb3 47. Kc7 Rxg3 48. d6 Rd3 49. d7 Ke7 50. Rxg6 1/2-1/2

[Event "BL 1112 SG Solingen - SF Katernberg"]
[Site "?"]
[Date "2012.04.15"]
[Round "15.2"]
[White "Smeets, Jan"]
[Black "Kryvoruchko, Yuriy"]
[Result "1-0"]
[WhiteElo "2619"]
[BlackElo "2666"]
[PlyCount "107"]
[EventDate "2012.??.??"]

1. e4 e5 2. Nf3 Nc6 3. Bb5 Nf6 4. O-O Nxe4 5. d4 Nd6 6. Bxc6 dxc6 7. dxe5 Nf5
8. Qxd8+ Kxd8 9. Nc3 Ke8 10. h3 h5 11. Rd1 Be7 12. Ne4 Be6 13. Nfg5 Bd5 14. b3
b5 15. Nc3 Rd8 16. Bf4 b4 17. Nxd5 Rxd5 18. Nf3 Rg8 19. g4 hxg4 20. hxg4 Nh6
21. Rxd5 cxd5 22. Rd1 g5 23. Bg3 Nxg4 24. Rxd5 Rg6 25. Ra5 a6 26. Nd4 c5 27.
Nf5 Rc6 28. Kg2 Bd8 29. Ra4 Nh6 30. Ne3 Kd7 31. Kf3 f5 32. exf6 Bxf6 33. Ke4
Bd4 34. Nd5 Ng4 35. Nxb4 Re6+ 36. Kd5 Bxf2 37. Bxf2 cxb4 38. Bc5 Nf6+ 39. Kc4
Rc6 40. Kd4 Ke6 41. Bxb4 g4 42. c4 Kf5 43. Ra5+ Kf4 44. Bd2+ Kf3 45. Rf5+ Kg2
46. Bf4 Re6 47. c5 Kh3 48. Be5 Nd7 49. Kd5 Rg6 50. Bd4 Nb8 51. Rf6 Rg8 52. c6
Rc8 53. Rh6+ Kg2 54. Rh8 1-0

[Event "BL 1112 SG Solingen - SF Katernberg"]
[Site "?"]
[Date "2012.04.15"]
[Round "15.3"]
[White "Zaragatski, Ilja"]
[Black "Stellwagen, Daniel"]
[Result "1/2-1/2"]
[WhiteElo "2474"]
[BlackElo "2625"]
[PlyCount "46"]
[EventDate "2012.??.??"]

1. Nf3 Nf6 2. g3 g6 3. b3 d5 4. Bb2 c5 5. c4 d4 6. b4 Bg7 7. Bg2 O-O 8. O-O Re8
9. d3 e5 10. bxc5 Nfd7 11. Nfd2 Nxc5 12. Ba3 Nba6 13. Ne4 Bf8 14. Nxc5 Bxc5 15.
Bxc5 Nxc5 16. Nd2 Bd7 17. Nb3 Nxb3 18. axb3 Qb6 19. b4 Qxb4 20. Rb1 Qd6 21.
Rxb7 Bc6 22. Bxc6 Qxc6 23. Qb3 e4 1/2-1/2

[Event "BL 1112 SG Solingen - SF Katernberg"]
[Site "?"]
[Date "2012.04.15"]
[Round "15.4"]
[White "L'Ami, Erwin"]
[Black "Kotainy, Jens"]
[Result "1/2-1/2"]
[WhiteElo "2592"]
[BlackElo "2406"]
[PlyCount "65"]
[EventDate "2012.??.??"]

1. d4 e6 2. c4 f5 3. g3 Nf6 4. Bg2 c6 5. Nd2 d5 6. Nh3 Bd6 7. O-O O-O 8. Qc2
Qe7 9. Nf3 Ne4 10. Bf4 Nd7 11. Rac1 a5 12. b3 Ba3 13. Rcd1 a4 14. Nd2 axb3 15.
axb3 Bb4 16. Nxe4 fxe4 17. f3 dxc4 18. Qxc4 exf3 19. Rxf3 Nf6 20. Rdf1 c5 21.
dxc5 Qxc5+ 22. Qxc5 Bxc5+ 23. Be3 Be7 24. Bd4 Ra2 25. e3 Bd7 26. R3f2 Ra5 27.
Rd1 Bc6 28. Bxc6 bxc6 29. Rc2 e5 30. Bb6 Ra6 31. Bc5 Bxc5 32. Rxc5 Nd5 33. e4
1/2-1/2

[Event "BL 1112 SG Solingen - SF Katernberg"]
[Site "?"]
[Date "2012.04.15"]
[Round "15.6"]
[White "Hoffmann, Michael"]
[Black "Thesing, Matthias"]
[Result "1/2-1/2"]
[WhiteElo "2496"]
[BlackElo "2404"]
[PlyCount "52"]
[EventDate "2012.??.??"]

1. c4 e6 2. Nf3 d5 3. g3 dxc4 4. Qa4+ Nd7 5. Bg2 a6 6. Qxc4 b5 7. Qc2 Bb7 8.
O-O c5 9. a4 Qb6 10. d3 Ngf6 11. Nc3 Be7 12. axb5 axb5 13. Rxa8+ Bxa8 14. Qb3
Nd5 15. Nd2 Nxc3 16. Qxc3 Bxg2 17. Kxg2 O-O 18. Nf3 Bf6 19. Qc2 Ra8 20. Bg5
Bxg5 21. Nxg5 Nf6 22. Rc1 h6 23. Nf3 Ra2 24. Qb3 Ra5 25. Qc2 Ra2 26. Qb3 Ra5
1/2-1/2

[Event "BL 1112 SG Solingen - SF Katernberg"]
[Site "?"]
[Date "2012.04.15"]
[Round "15.7"]
[White "Scholz, Christian"]
[Black "Andersen, Mads"]
[Result "1/2-1/2"]
[WhiteElo "2387"]
[BlackElo "2398"]
[PlyCount "157"]
[EventDate "2012.??.??"]

1. d4 Nf6 2. c4 g6 3. Nc3 d5 4. Bf4 Bg7 5. Nf3 O-O 6. e3 c5 7. dxc5 Qa5 8. Rc1
dxc4 9. Bxc4 Qxc5 10. Bb3 Qa5 11. O-O Na6 12. h3 Nc5 13. Bc4 Be6 14. Qe2 Rac8
15. Nb5 a6 16. Nbd4 Bxc4 17. Rxc4 Ncd7 18. b4 Qd5 19. Rfc1 Rxc4 20. Rxc4 Ne4
21. Bh2 e5 22. Nb3 Nb6 23. Rc7 Rd8 24. g4 f6 25. Qc2 Bf8 26. Na5 Nd6 27. Nd2
Na8 28. Rc5 Qe6 29. a3 Rd7 30. Rc3 Nb5 31. Rc8 Nb6 32. Rb8 Rc7 33. Qb3 Qxb3 34.
Ndxb3 Nxa3 35. Nc5 Nd7 36. Nxd7 Rxd7 37. Nxb7 Kf7 38. Nd8+ Rxd8 39. Rxd8 Bxb4
40. g5 a5 41. Ra8 Nb5 42. Ra6 Nd6 43. h4 fxg5 44. Bxe5 Nc4 45. Bd4 gxh4 46.
Ra7+ Ke6 47. Rxh7 Be7 48. Rg7 g5 49. Rg6+ Kd5 50. Ra6 g4 51. Ra7 Bc5 52. Rd7+
Kc6 53. Rd8 Bxd4 54. Rxd4 Kb5 55. Rxg4 a4 56. Rxh4 a3 57. Kg2 a2 58. Rh1 Kb4
59. Ra1 Kb3 60. Kf3 Kb2 61. Rxa2+ Kxa2 62. Ke4 Kb3 63. Kd4 Kb4 64. e4 Kb5 65.
Kd5 Nb6+ 66. Ke6 Kc6 67. f4 Kc7 68. e5 Kd8 69. Kf7 Nc4 70. e6 Nd6+ 71. Kf8 Nf5
72. Kf7 Nd6+ 73. Kf6 Ke8 74. f5 Nxf5 75. Kxf5 Ke7 76. Ke5 Ke8 77. Kd6 Kd8 78.
e7+ Ke8 79. Ke6 1/2-1/2

[Event "BL 1112 SG Solingen - SF Katernberg"]
[Site "?"]
[Date "2012.04.15"]
[Round "15.8"]
[White "Wegerle, Joerg"]
[Black "Hoolt, Sarah"]
[Result "1-0"]
[WhiteElo "2450"]
[BlackElo "2286"]
[PlyCount "147"]
[EventDate "2012.??.??"]

1. c4 Nf6 2. g3 e6 3. Bg2 d5 4. Nf3 Be7 5. O-O O-O 6. b3 c5 7. cxd5 exd5 8. d4
Nc6 9. dxc5 Re8 10. Nc3 Bxc5 11. Na4 Bf8 12. Bb2 b5 13. Rc1 Nb4 14. Nc3 a6 15.
Nd4 Bb7 16. a3 Nc6 17. Ncxb5 Nxd4 18. Nxd4 Ne4 19. e3 Qb6 20. Qe2 Rac8 21. Rxc8
Rxc8 22. Rc1 Rxc1+ 23. Bxc1 Bc5 24. Qd3 Bxd4 25. Qxd4 Qc7 26. Bb2 f6 27. Qd1 h6
28. Qc1 Qb6 29. Qc2 a5 30. Bd4 Qd6 31. f3 Ng5 32. Qc5 Qa6 33. h4 Nf7 34. Qb6
Qa8 35. Qc7 Bc6 36. Bh3 Qe8 37. Qc8 Qxc8 38. Bxc8 a4 39. bxa4 Bxa4 40. Be6 Bc6
41. Bc5 g6 42. f4 Kg7 43. Be7 h5 44. g4 hxg4 45. Bxg4 g5 46. hxg5 fxg5 47. fxg5
Kg6 48. Kf2 Nxg5 49. Kg3 Ne4+ 50. Kf4 Kf7 51. Bb4 Kf6 52. Bd1 Nf2 53. Bc2 Bb5
54. Bc3+ Ke6 55. Bf5+ Kd6 56. Bb4+ Kc6 57. Ke5 Bd3 58. Be6 Be4 59. Kd4 Nd3 60.
Bf7 Nc1 61. Be8+ Kb6 62. Bc5+ Kc7 63. Kc3 Nd3 64. Bd4 Bf5 65. a4 Nf2 66. Bb5
Kb7 67. a5 Bc8 68. a6+ Kb8 69. Kb4 Ne4 70. Ka5 Nd6 71. Be5 Kc7 72. Bxd6+ Kxd6
73. a7 Bb7 74. Kb6 1-0

[Event "BL 1112 SC Remagen - SV Mülheim Nord"]
[Site "?"]
[Date "2012.04.15"]
[Round "15.2"]
[White "Parligras, Mircea"]
[Black "Fridman, Daniel"]
[Result "1/2-1/2"]
[WhiteElo "2625"]
[BlackElo "2652"]
[PlyCount "81"]
[EventDate "2012.??.??"]

1. d4 d5 2. c4 e6 3. Nc3 Be7 4. cxd5 exd5 5. Bf4 Nf6 6. e3 Bf5 7. Nge2 O-O 8.
Ng3 Be6 9. Bd3 c5 10. dxc5 Bxc5 11. O-O Nc6 12. Rc1 d4 13. Nce4 Be7 14. Nf5
Bxf5 15. Nxf6+ Bxf6 16. Bxf5 Qa5 17. Bb1 Rad8 18. Qd3 g6 19. e4 Ne5 20. Qg3
Rfe8 21. Rfd1 d3 22. Bd2 Qb5 23. b3 Nc6 24. Rc4 Qh5 25. Re1 Bd4 26. Bxd3 Be5
27. f4 Bf6 28. Rf1 Re7 29. Bc3 Bxc3 30. Rxc3 Qa5 31. Bb1 Red7 32. Qe3 Rd2 33.
e5 Nd4 34. Kh1 Re2 35. Qh3 Ne6 36. f5 Nf4 37. Qf3 Qxe5 38. fxg6 hxg6 39. Rc4 g5
40. Re4 Qb2 41. Rxe2 1/2-1/2

[Event "BL 1112 SC Remagen - SV Mülheim Nord"]
[Site "?"]
[Date "2012.04.15"]
[Round "15.4"]
[White "Dgebuadze, Alexandre"]
[Black "Feygin, Michael"]
[Result "1/2-1/2"]
[WhiteElo "2544"]
[BlackElo "2521"]
[PlyCount "41"]
[EventDate "2012.??.??"]

1. e4 e6 2. d4 d5 3. Nd2 c5 4. Ngf3 Nc6 5. exd5 exd5 6. dxc5 Bxc5 7. Nb3 Bd6 8.
Be2 Nge7 9. O-O O-O 10. Be3 Bg4 11. Ng5 Bxe2 12. Qxe2 h6 13. Nf3 Re8 14. Rad1
Qc7 15. c3 Rad8 16. Kh1 a6 17. Rfe1 Ng6 18. h3 Re7 19. Qf1 Bf4 20. Bxf4 Nxf4
21. Rxe7 1/2-1/2

[Event "BL 1112 SC Remagen - SV Mülheim Nord"]
[Site "?"]
[Date "2012.04.15"]
[Round "15.5"]
[White "Hausrath, Daniel"]
[Black "Swinkels, Robin"]
[Result "1/2-1/2"]
[WhiteElo "2507"]
[BlackElo "2494"]
[PlyCount "79"]
[EventDate "2012.??.??"]

1. Nf3 Nf6 2. g3 b6 3. Bg2 Bb7 4. O-O e6 5. c4 Be7 6. d4 O-O 7. Re1 Na6 8. Bf4
d6 9. Nc3 c5 10. dxc5 Nxc5 11. Qc2 Qc8 12. Rad1 Nce4 13. Nd2 Nxc3 14. Qxc3 Bxg2
15. Kxg2 d5 16. e4 dxe4 17. Nxe4 Qc6 18. Qf3 Nxe4 19. Qxe4 Qxe4+ 20. Rxe4 Rfd8
21. Red4 Rxd4 22. Rxd4 Bf6 23. Rd2 Kf8 24. b3 Ke8 25. Kf3 h5 26. h3 Be7 27. Be5
g6 28. g4 hxg4+ 29. hxg4 Rd8 30. Rc2 f6 31. Bc3 Kf7 32. Ke2 f5 33. Rc1 Bf6 34.
gxf5 exf5 35. Bb4 g5 36. Bc3 g4 37. Bxf6 Kxf6 38. c5 bxc5 39. Rxc5 Rd6 40. Ra5
1/2-1/2

[Event "BL 1112 SC Remagen - SV Mülheim Nord"]
[Site "?"]
[Date "2012.04.15"]
[Round "15.6"]
[White "Bok, Benjamin"]
[Black "Levin, Felix"]
[Result "1/2-1/2"]
[WhiteElo "2488"]
[BlackElo "2482"]
[PlyCount "81"]
[EventDate "2012.??.??"]

1. e4 e5 2. Nf3 Nc6 3. d4 exd4 4. Nxd4 Bb4+ 5. c3 Bc5 6. Nxc6 bxc6 7. Bd3 d6 8.
O-O Ne7 9. Kh1 O-O 10. f4 f5 11. Nd2 Bb6 12. e5 Be6 13. Nf3 h6 14. Qe2 Qd7 15.
exd6 cxd6 16. Re1 Rf6 17. c4 Ng6 18. b3 Re8 19. Qd2 Rff8 20. Ba3 c5 21. Bf1 Qc7
22. Red1 Rd8 23. Qe1 Bc8 24. Qg3 Kh7 25. Nh4 Nxh4 26. Qxh4 Ba5 27. Bb2 Rde8 28.
Rd3 Re6 29. Rg3 Rf7 30. Bd3 Re1+ 31. Rxe1 Bxe1 32. Bxg7 Rxg7 33. Rxg7+ Qxg7 34.
Qxe1 Qd4 35. Qf1 Kg6 36. h3 Bb7 37. Kh2 Kf6 38. g3 Qb2+ 39. Qe2 Qc1 40. Qf1
Qd2+ 41. Qe2 1/2-1/2

[Event "BL 1213 SV Mülheim Nord - SC Eppingen"]
[Site "?"]
[Date "2012.10.20"]
[Round "1.1"]
[White "Bologan, Victor"]
[Black "Navara, David"]
[Result "1/2-1/2"]
[WhiteElo "2695"]
[BlackElo "2722"]
[PlyCount "237"]
[EventDate "2012.??.??"]

1. e4 e5 2. Nf3 Nc6 3. Bb5 a6 4. Ba4 Nf6 5. O-O Be7 6. d3 b5 7. Bb3 d6 8. c3
O-O 9. Re1 Na5 10. Bc2 c5 11. Nbd2 Nc6 12. Nf1 Re8 13. h3 d5 14. exd5 Qxd5 15.
Bb3 Qd6 16. Ng5 Rf8 17. a4 b4 18. Ne3 Na5 19. Nc4 Nxc4 20. Bxc4 Bb7 21. Qe2 Nd7
22. Ne4 Qc6 23. cxb4 cxb4 24. Be3 Kh8 25. Rec1 Qg6 26. Qg4 f5 27. Qxg6 hxg6 28.
Bg5 Rae8 29. Bxe7 Rxe7 30. Ng5 e4 31. dxe4 fxe4 32. Re1 Ne5 33. Rac1 Rd7 34.
Bf1 Nd3 35. Red1 Rd5 36. Bxd3 exd3 37. h4 Rc8 38. Rxc8+ Bxc8 39. f3 Bd7 40. b3
d2 41. g4 Rd3 42. Kf2 Kg8 43. Ke2 Rxb3 44. Rxd2 Be8 45. Rd8 Kf8 46. Ra8 Ra3 47.
Rxa6 Bxa4 48. Rb6 Ra2+ 49. Ke3 b3 50. Ne6+ Kf7 51. Nc5 b2 52. Nd3 Bd1 53. Rxb2
Rxb2 54. Nxb2 Bb3 55. Kf4 Kf6 56. Nd3 Bc2 57. Nc5 Bb1 58. Ne4+ Kf7 59. Kg5 Bc2
60. Nd6+ Kg8 61. Nc4 Bb1 62. Ne5 Kh7 63. Nc6 Kg8 64. Kf4 Kf7 65. Ke5 Bc2 66.
Nb4 Bd1 67. Kf4 Kf6 68. Nd5+ Ke6 69. Nc7+ Kf6 70. Nb5 Bc2 71. Nc3 Ke6 72. Kg5
Kf7 73. Nb5 Bd3 74. Nd6+ Ke6 75. Ne4 Kf7 76. Nc5 Bb1 77. Na6 Bc2 78. Nb4 Bb1
79. Nc6 Kg8 80. Ne5 Kh7 81. Kf4 Kg8 82. Nc6 Kf7 83. Ke5 Bc2 84. Kd6 Bd1 85. Nd4
Kf6 86. Kd5 Ba4 87. Ke4 Bd1 88. Kf4 Ba4 89. Ne2 Bc2 90. Ng3 Bd3 91. Ne4+ Kf7
92. Nc5 Bc2 93. Ke5 Bd1 94. Ne6 Ke7 95. Nd4 Kf7 96. g5 Ke7 97. Kd5 Kd7 98. Ke4
Kd6 99. f4 Ke7 100. Kd5 Ba4 101. Ke5 Bd7 102. Nc2 Bc8 103. Nb4 Bb7 104. Nc2 Bc8
105. Nd4 Bd7 106. Kd5 Ba4 107. Nf3 Bb3+ 108. Kc5 Bc2 109. Kd5 Bb3+ 110. Ke5 Be6
111. Nd2 Bf7 112. Ne4 Bb3 113. Nc3 Bf7 114. Nd5+ Kd7 115. Nb6+ Kc7 116. Na4 Kd7
117. Nc3 Ke7 118. Nb5 Be6 119. Nd4 1/2-1/2

[Event "BL 1213 SV Mülheim Nord - SC Eppingen"]
[Site "?"]
[Date "2012.10.20"]
[Round "1.2"]
[White "Grachev, Boris"]
[Black "Harikrishna, Pentala"]
[Result "1/2-1/2"]
[WhiteElo "2672"]
[BlackElo "2688"]
[PlyCount "47"]
[EventDate "2012.??.??"]

1. c4 e6 2. Nc3 d5 3. d4 Be7 4. Bf4 Nf6 5. e3 O-O 6. Nf3 Nbd7 7. Be2 dxc4 8.
O-O c5 9. dxc5 Nxc5 10. Bxc4 Qxd1 11. Rfxd1 b6 12. Nd4 Bb7 13. Be2 a6 14. Bf3
Bxf3 15. Nxf3 b5 16. Rd4 Rfd8 17. Rad1 Rxd4 18. Rxd4 Rc8 19. Kf1 Ncd7 20. Bd6
Kf8 21. Bxe7+ Kxe7 22. a4 bxa4 23. Rxa4 Rb8 24. Rxa6 1/2-1/2

[Event "BL 1213 SV Mülheim Nord - SC Eppingen"]
[Site "?"]
[Date "2012.10.20"]
[Round "1.4"]
[White "Fridman, Daniel"]
[Black "Postny, Evgeny"]
[Result "1/2-1/2"]
[WhiteElo "2670"]
[BlackElo "2647"]
[PlyCount "43"]
[EventDate "2012.??.??"]

1. d4 d5 2. c4 dxc4 3. Nf3 Nf6 4. e3 e6 5. Bxc4 a6 6. O-O b5 7. Be2 Bb7 8. a4
b4 9. Ne5 c5 10. Nd2 cxd4 11. Ndc4 Be7 12. Bf3 Bxf3 13. Qxf3 Qd5 14. exd4 Qxf3
15. Nxf3 Nbd7 16. Bg5 Nd5 17. Ne3 f6 18. Nxd5 exd5 19. Bf4 Kf7 20. Rfc1 Rhc8
21. Kf1 Nf8 22. Ke2 1/2-1/2

[Event "BL 1213 SV Mülheim Nord - SC Eppingen"]
[Site "?"]
[Date "2012.10.20"]
[Round "1.5"]
[White "Acs, Peter"]
[Black "Potkin, Vladimir"]
[Result "1/2-1/2"]
[WhiteElo "2586"]
[BlackElo "2663"]
[PlyCount "87"]
[EventDate "2012.??.??"]

1. e4 e6 2. d4 d5 3. Nc3 Nf6 4. Bg5 dxe4 5. Nxe4 Nbd7 6. Nf3 h6 7. Nxf6+ Nxf6
8. Bh4 c5 9. Bb5+ Bd7 10. Bxd7+ Qxd7 11. Qe2 Be7 12. dxc5 O-O 13. O-O Bxc5 14.
Ne5 Qc7 15. Bxf6 gxf6 16. Nd3 Rfd8 17. Rfd1 Bf8 18. g3 f5 19. c3 Rd6 20. Nf4
Rad8 21. Ng2 Qc6 22. Rxd6 Rxd6 23. Rd1 Qe4 24. Ne3 Rxd1+ 25. Qxd1 f4 26. Qg4+
Bg7 27. Qxf4 Qb1+ 28. Kg2 Qxb2 29. c4 Qe5 30. Qf3 Qc7 31. Qe4 Kf8 32. f4 Qc6
33. Kf3 Qxe4+ 34. Kxe4 f5+ 35. Kd3 Ke7 36. c5 Kd7 37. Kc4 Kc6 38. Nc2 h5 39.
Nd4+ Kd7 40. Nf3 Kc6 41. Ng5 Kd7 42. Nf3 Kc6 43. Nd4+ Kd7 44. Nf3 1/2-1/2

[Event "BL 1213 SV Mülheim Nord - SC Eppingen"]
[Site "?"]
[Date "2012.10.20"]
[Round "1.6"]
[White "Landa, Konstantin"]
[Black "Ruck, Robert"]
[Result "1-0"]
[WhiteElo "2641"]
[BlackElo "2567"]
[PlyCount "85"]
[EventDate "2012.??.??"]

1. e4 c6 2. d4 d5 3. Nd2 dxe4 4. Nxe4 Bf5 5. Ng3 Bg6 6. Nh3 Nf6 7. Nf4 Nbd7 8.
Bc4 e5 9. Nxg6 hxg6 10. O-O Be7 11. dxe5 Nxe5 12. Bb3 Qxd1 13. Rxd1 O-O 14. h3
Bc5 15. Bf4 Rfe8 16. Re1 Ned7 17. Kf1 Kf8 18. Rxe8+ Rxe8 19. Rd1 Nb6 20. c3 a5
21. a3 a4 22. Ba2 Nbd5 23. Bc1 b5 24. c4 Nb6 25. cxb5 cxb5 26. Ne2 b4 27. axb4
Bxb4 28. Be3 Nfd7 29. Rd4 Bc5 30. Rf4 f5 31. Bc1 Nf6 32. Rh4 Ke7 33. Bg5 Rd8
34. Nc3 a3 35. bxa3 Rd3 36. Nb1 Rd1+ 37. Ke2 Rg1 38. Rh7 Rxg2 39. Rxg7+ Kd6 40.
Bf4+ Kc6 41. Rc7+ Kb5 42. Nc3+ Ka6 43. Rxc5 1-0

[Event "BL 1213 SV Mülheim Nord - SC Eppingen"]
[Site "?"]
[Date "2012.10.20"]
[Round "1.7"]
[White "Bindrich, Falko"]
[Black "Tregubov, Pavel V"]
[Result "1-0"]
[WhiteElo "2532"]
[BlackElo "2601"]
[PlyCount "121"]
[EventDate "2012.??.??"]

1. Nf3 c5 2. c4 Nc6 3. Nc3 e5 4. g3 g6 5. Bg2 Bg7 6. a3 Nge7 7. O-O O-O 8. d3
d6 9. Rb1 a5 10. Bd2 h6 11. Ne1 Be6 12. Nc2 d5 13. cxd5 Nxd5 14. Ne3 Nde7 15.
Na4 b6 16. b4 cxb4 17. axb4 b5 18. Nc5 Ba2 19. bxa5 Bxb1 20. Qxb1 Ra7 21. Qxb5
Nd4 22. Qb6 Nc8 23. Qxd8 Nxe2+ 24. Kh1 Rxd8 25. Nc4 Nd4 26. Rb1 Bf8 27. Nb7 Re8
28. Be3 f6 29. f4 Ra6 30. fxe5 fxe5 31. Bd5+ Kh7 32. g4 Nc2 33. Bd2 Ne7 34. Be4
Ng8 35. Rb6 Rxb6 36. axb6 Bb4 37. Nbd6 Rb8 38. Bxb4 Nxb4 39. b7 Nf6 40. Nxe5
Nxe4 41. dxe4 Rd8 42. Nec4 Kg7 43. e5 Nc6 44. Kg2 Kf8 45. Kf3 Ke7 46. Ke4 Ke6
47. Nb5 Rd1 48. Na5 Re1+ 49. Kd3 Nb8 50. Nc6 Rd1+ 51. Kc2 Nxc6 52. Kxd1 Kxe5
53. Ke2 h5 54. Kf3 Nb8 55. h4 Kd5 56. g5 Kc6 57. Nd4+ Kxb7 58. Ke4 Nd7 59. Kd5
Kc8 60. Ke6 Kc7 61. Nf3 1-0

[Event "BL 1213 SF Katernberg - SV Hockenheim"]
[Site "?"]
[Date "2012.10.20"]
[Round "1.3"]
[White "Baramidze, David"]
[Black "Romanov, Evgeny"]
[Result "1/2-1/2"]
[WhiteElo "2615"]
[BlackElo "2611"]
[PlyCount "80"]
[EventDate "2012.??.??"]

1. e4 c5 2. Nf3 e6 3. d4 cxd4 4. Nxd4 a6 5. Bd3 Qb6 6. Nb3 Qc7 7. O-O Nf6 8. f4
d6 9. Qe2 Nc6 10. Kh1 Be7 11. Bd2 b5 12. a4 b4 13. c4 O-O 14. Be3 Nd7 15. N1d2
Bb7 16. Rf3 g6 17. Raf1 f5 18. Rg3 Bh4 19. Rh3 Bf6 20. c5 d5 21. e5 Be7 22. Nf3
Rfc8 23. Rc1 Qd8 24. Bf2 Na5 25. Nfd4 Bxc5 26. Nxe6 Nxb3 27. Rxc5 Qe7 28. Rxc8+
Rxc8 29. Bxf5 gxf5 30. Rg3+ Kh8 31. Ng5 h6 32. Qh5 Rc1+ 33. Bg1 Rxg1+ 34. Kxg1
Qc5+ 35. Kf1 Qc1+ 36. Kf2 Qxb2+ 37. Kg1 Qc1+ 38. Kf2 Qd2+ 39. Kf1 Qc1+ 40. Kf2
Qd2+ 1/2-1/2

[Event "BL 1213 SF Katernberg - SV Hockenheim"]
[Site "?"]
[Date "2012.10.20"]
[Round "1.4"]
[White "Firman, Nazar"]
[Black "Saric, Ivan"]
[Result "1/2-1/2"]
[WhiteElo "2531"]
[BlackElo "2625"]
[PlyCount "91"]
[EventDate "2012.??.??"]

1. e4 e5 2. Nf3 Nc6 3. Bb5 a6 4. Ba4 Nf6 5. O-O Be7 6. Re1 b5 7. Bb3 d6 8. c3
O-O 9. h3 Na5 10. Bc2 c5 11. d3 Nc6 12. Nbd2 Nd7 13. a4 Nb6 14. axb5 axb5 15.
Rxa8 Nxa8 16. d4 Nb6 17. d5 Na5 18. b3 f5 19. exf5 Bxf5 20. Bxf5 Rxf5 21. Ne4
Qa8 22. Bg5 Bf8 23. Qc2 Qxd5 24. Bd8 Qc6 25. Neg5 g6 26. Nh4 Nb7 27. g4 Rxg5
28. Bxg5 Qe8 29. Ra1 Nd8 30. Bxd8 Qxd8 31. Nxg6 Bg7 32. Ra7 hxg6 33. Qxg6 Qf6
34. Qe8+ Kh7 35. Qc6 e4 36. Qxe4+ Qg6 37. Qc6 Qb1+ 38. Kg2 Qxb3 39. Qxb6 Qd5+
40. Kg1 Qd1+ 41. Kg2 Qd5+ 42. Kg3 Qe5+ 43. Kf3 Qd5+ 44. Kg3 Qe5+ 45. Kf3 Qd5+
46. Kg3 1/2-1/2

[Event "BL 1213 SF Katernberg - SV Hockenheim"]
[Site "?"]
[Date "2012.10.20"]
[Round "1.5"]
[White "Ribli, Zoltan"]
[Black "Chuchelov, Vladimir"]
[Result "1-0"]
[WhiteElo "2554"]
[BlackElo "2543"]
[PlyCount "79"]
[EventDate "2012.??.??"]

1. Nf3 Nf6 2. c4 e6 3. g3 a6 4. Bg2 b5 5. b3 c5 6. O-O Bb7 7. Nc3 Qb6 8. Re1
Nc6 9. e3 bxc4 10. bxc4 Qc7 11. Rb1 Be7 12. d4 cxd4 13. exd4 O-O 14. Bf4 d6 15.
d5 Nd8 16. Qb3 Nd7 17. Be3 Rb8 18. Ba7 Rc8 19. Nd4 Ba8 20. dxe6 fxe6 21. Bb6
Nxb6 22. Qxb6 Bxg2 23. Kxg2 Qxb6 24. Rxb6 Bf6 25. Rxd6 Nb7 26. Rd7 Nc5 27. Rd6
Nb7 28. Rd7 Nc5 29. Rd6 Nd3 30. Rexe6 Be5 31. Rd5 Rxc4 32. Nce2 Rxf2+ 33. Kh3
Bxd4 34. Nxd4 Nc5 35. Rc6 Rd2 36. Rd8+ Kf7 37. Rc7+ Kf6 38. Rf8+ Ke5 39. Nf3+
Kd6 40. Nxd2 1-0